LEADER 01689nam a2200325 u 4500 001 000000040746 003 CaOOAMICUS 005 20070226114133.0 008 980601s1998 enk u000 u eng u 020 $a052159037X 035 $a10797120 040 $aIPA$bita 245 00$aTolerance and intolerance in early Judaism and Christianity /$cedited by Graham N. Stanton and Guy G. Stroumsa. 260 $aCambridge :$bCambridge University Press,$c1998. 300 $axiv, 370 p. ;$c24 cm 500 $aIncludes bibliographical references and index. 650 0$aJudaism$xHistory$yPost-exilic period, 586 B.C.-210 A.D.$2//eng$0(OLS)http://pul/subject/6586 650 0$aReligious tolerance$xJudaism.$2//eng$0(OLS)http://pul/subject/18385 650 0$aChurch history$yPrimitive and early church, ca. 30-600.$2//eng$0(OLS)http://pul/subject/135 650 0$aReligious tolerance$xChristianity.$2//eng$0(OLS)http://pul/subject/18386 650 0$aJudaism$xRelations$xChristianity.$2//eng$0(OLS)http://pul/subject/7826 650 0$aChristianity and other religions$xJudaism.$2//eng$0(OLS)http://pul/subject/7827 700 1 $aStroumsa, Gedaliahu A. G.$0(OLS)http://pul/name/30034 700 1 $aStanton, Graham N.$0(OLS)http://pul/name/30033 850 $aPUL 852 $aPUL$W1$xSL Religione 3$y85$m296. 3 STAGR 1$j55338$nBK-PRI$b $qDDC 21$B55338$CPULBib$Z2$F55338 $HPUL88696 $81 941 1 $a9 996 $6020$a052159037X$9(OLS)http://pul/number/50546 996 $6245$aTolerance and intolerance in early Judaism and Christianity$9(OLS)http://pul/title/54936 996 $6260$aCambridge :$bCambridge University Press$9(OLS)http://pul/publisher/50125 LEADER 01597nam a2200337 a 4500 001 000000149183 003 CaOOAMICUS 005 20160208111317.0 008 160208s2015 it 000 u ita r 020 $a978-88-311-8239-3* 032 $aLibriCat 040 $aPUL$bita 041 1 $aita$hlat 100 0 $aHilarius,$cs., vesc. di Poitiers,$dc. 315-367.$0(OLS)http://pul/name/6908 240 10$aAd Constantium.$lItaliano.$0(OLS)http://pul/title/188093 245 10$aA Costanzo, Inni /$cIlario di Poitiers ; introduzione di Luigi Longobardo ; traduzione e note a cura di Pasquale Giustiniani. 260 $aRoma :$bCittà Nuova,$c©2015. 300 $a102 p. ;$c20 cm. 490 1 $aCollana di testi patristici ;$v239 700 1 $aGiustiniani, Pasquale,$d1951-$0(OLS)http://pul/name/40111 700 1 $aLongobardo, Luigi,$d1951-$0(OLS)http://pul/name/374 830 0$aCollana di testi patristici ;$v239.$0(OLS)http://pul/title/17027 850 $aPUL 852 $aPUL$W1$xSL Cons. Gen., Altre Classi 1$y1$m2000 E 239$j171851$qStampati$B173415$CPULBib$Z2$F173415 $H127099 $81 852 $aPUL$W1$xDP2 Cons. Gen., Altre Classi 1$y61$m2000 E 239B$j195067$bseconda copia$qStampati$B199967$CPULBib$Z2$F199967 $H132174 $81 900 $aIlario di Poitiers,$cs.,$dc. 315-367$96908 941 1 $a8 996 $6020$a978-88-311-8239-3*$9(OLS)http://pul/number/159566 996 $6245$aA Costanzo, Inni$9(OLS)http://pul/title/188094 996 $6260$aRoma :$bCittà Nuova$9(OLS)http://pul/publisher/47927